[Event "Idaho Closed"]
[Site "Twin Falls, ID"]
[Date "2009.02.14"]
[Round "1.7"]
[White "Min, William"]
[Black "Eacker, Barry D"]
[Result "0-1"]
[WhiteElo "967"]
[BlackElo "1642"]

1. e4 e6 2. Nc3 d5 3. exd5 exd5 4. Qe2+ Be7 5. d4 Nf6 6. Bg5 O-O 7. O-O-O Bf5
8. Nf3 h6 9. Nh4 Bg4 10. f3 hxg5 11. fxg4 gxh4 12. Re1 Re8 13. g5 Nh7 14. Kb1
Nxg5 15. g3 h3 16. Qh5 g6 17. Qe2 Nc6 18. Qe3 Qd7 19. Bb5 Bf6 20. Qd3 Rxe1+
21. Rxe1 Re8 22. Rxe8+ Qxe8 23. a3 Qe1+ 24. Ka2 Qe6 25. g4 Nxd4 26. b3 c6 27.
a4 Qe5 28. Nxd5 cxd5 29. Qf1 Nxb5 30. axb5 Qb2# 0-1

[Event "Idaho Closed"]
[Site "Twin Falls, ID"]
[Date "2009.02.15"]
[Round "3.3"]
[White "Eacker, Barry D"]
[Black "Anderson, Mark"]
[Result "0-1"]
[WhiteElo "1642"]
[BlackElo "1620"]

1. d4 d5 2. Bf4 Nf6 3. e3 Bg4 4. Nf3 e6 5. Nbd2 Be7 6. Bd3 c5 7. c3 Nc6 8. h3
Bh5 9. g4 Bg6 10. Bxg6 hxg6 11. Ne5 Qb6 12. Rb1 Nxe5 13. dxe5 Nd7 14. Nf3 Bd8
15. Qc2 Qc6 16. Ke2 Qa6+ 17. Qd3 c4 18. Qc2 Nc5 19. Ne1 Qxa2 20. Rd1 Qb3 21.
Ra1 Qxc2+ 22. Nxc2 Bc7 23. Na3 a6 24. Nb5 Kd7 25. Nxc7 Kxc7 26. h4 Rh7 27. Bg5
Rah8 28. f4 Ne4 29. Rh2 f6 30. exf6 gxf6 31. Bxf6 Nxf6 {#R} 0-1

[Event "Idaho Closed"]
[Site "Twin Falls, ID"]
[Date "2009.02.15"]
[Round "4.7"]
[White "Weathers, Rickey D"]
[Black "Eacker, Barry D"]
[Result "1/2-1/2"]
[WhiteElo "1389"]
[BlackElo "1642"]

1. e4 e6 2. d4 d5 3. e5 c5 4. c3 Nc6 5. Nf3 Qb6 6. Be2 cxd4 7. cxd4 Bb4+ 8.
Nc3 Nge7 9. a3 Bxc3+ 10. bxc3 Bd7 11. O-O Na5 12. Qc2 Rc8 13. Rb1 Qc7 14. Bb2
Nc4 15. Bd3 h6 16. Bc1 Nb6 17. Bb2 Ba4 18. Qe2 Nc4 19. Rfc1 b5 20. Bc2 Qa5 21.
Bxa4 Qxa4 22. Qc2 Nb6 23. Qxa4 Nxa4 24. Ba1 a6 25. g3 Kd7 26. Ne1 Rc7 27. Nd3
Nc6 28. Nb4 Nb8 29. f4 Rhc8 30. Rb3 Rc4 31. Nd3 Nc6 32. Rbb1 Nb8 33. Rb3 R8c7
34. Kf2 Kc8 35. Ke3 Nc6 36. Rbb1 Na5 37. Kd2 Nc6 {#d} 1/2-1/2

[Event "Idaho Closed"]
[Site "Twin Falls, ID"]
[Date "2009.02.16"]
[Round "5.6"]
[White "Eacker, Barry D"]
[Black "Lundy III, George W"]
[Result "1-0"]
[WhiteElo "1642"]
[BlackElo "1481"]

1. d4 f5 2. Bf4 e6 3. e3 Nf6 4. Nd2 d6 5. Bd3 Be7 6. Ngf3 O-O 7. Qe2 a6 8. e4
fxe4 9. Nxe4 Nxe4 10. Qxe4 g6 11. h4 d5 12. Qe3 e5 13. Bxe5 Nc6 14. Qh6 Nxe5
15. dxe5 Bf5 16. Ng5 Bxg5 17. hxg5 Qe7 18. O-O-O Rae8 19. Qh4 Bxd3 20. Rxd3 c6
21. Rdh3 Rf7 22. f4 Qc7 23. g3 Ree7 24. Qg4 Rf5 25. Rh6 Qb6 26. Qh3 c5 27.
Qxf5 {#r} 1-0

[Event "Idaho Closed"]
[Site "Twin Falls, ID"]
[Date "2009.02.16"]
[Round "6.5"]
[White "Eacker, Barry D"]
[Black "Kircher, Caleb Paul"]
[Result "0-1"]
[WhiteElo "1642"]
[BlackElo "1505"]

1. d4 d5 2. Bf4 c5 3. c3 Nc6 4. e3 Bf5 5. Bd3 Bxd3 6. Qxd3 Nf6 7. Nd2 e6 8.
Ngf3 cxd4 9. exd4 Bd6 10. Bxd6 Qxd6 11. O-O Qf4 12. Rae1 O-O 13. Re2 Rfe8 14.
Rfe1 Re7 15. Nf1 Rae8 16. Ng3 e5 17. dxe5 Nxe5 18. Nxe5 Rxe5 19. Rxe5 Rxe5 20.
Rxe5 Qxe5 21. Kf1 Qf4 22. f3 Qc1+ 23. Kf2 Qxb2+ 24. Ne2 Qxa2 25. Qf5 Qc4 26.
Qe5 Qc5+ 27. Kf1 Qc8 28. Nf4 Qd8 29. Qd4 Qa5 30. Qe5 Qa6+ 31. Kf2 h6 32. Kg3
g6 33. Nxd5 Nxd5 34. Qxd5 Qc6 35. Qd8+ Kh7 36. Qd4 Qc7+ 37. Kf2 b6 38. g3 a6
39. Ke2 b5 40. Kd3 Qc6 41. f4 Qf3+ 42. Kc2 Qe2+ 43. Kb3 a5 44. Ka3 Qe7+ 45.
Kb2 h5 46. Qb6 b4 47. Qxa5 Qe2+ 48. Kb3 bxc3 49. Qxc3 Qxh2 50. Kb4 h4 51. Qf6
Qd2+ 52. Ka3 Qe3+ 53. Kb4 Qe4+ 54. Ka3 Qa8+ 55. Kb4 Qb7+ 56. Ka3 hxg3 57. Qh4+
Kg7 58. Qxg3 Qa6+ 59. Kb2 f6 60. Qe3 Qb7+ 61. Kc3 Kf7 62. Kd2 Qd5+ 63. Kc1 Qe6
64. Qa7+ Kg8 65. Qa8+ Kh7 66. Qh1+ Kg7 67. Qb7+ Qf7 68. Qe4 Qc7+ 69. Kd2 Qd6+
70. Kc3 Qc5+ 71. Kd2 Qf2+ 72. Kc3 Qa7 73. Kd3 Qf7 74. Kc3 f5 75. Qf3 Qc7+ 76.
Kd2 Qa5+ 77. Kc1 Qa1+ 78. Kc2 Qa2+ 79. Kc1 Qf7 80. Kc2 Qc4+ 81. Kb2 Qd4+ 82.
Ka3 Qe4 83. Qc3+ Kf7 84. Qc7+ Qe7+ {#R} 0-1

[Event "ICU MVCC Ch (Champ)"]
[Site "Twin Falls, ID"]
[Date "2009.03.08"]
[Round "3.2"]
[White "Eacker, Barry D"]
[Black "Bartell, Fred"]
[Result "1/2-1/2"]
[WhiteElo "1633"]
[BlackElo "1837"]

1. d4 d5 2. Bf4 Nf6 3. e3 e6 4. Bd3 Nbd7 5. Nd2 c5 6. c3 Qb6 7. Rb1 Bd6 8.
Ngf3 Bxf4 9. exf4 cxd4 10. cxd4 Nh5 11. g3 g6 12. Qa4 O-O 13. Ne5 Qd6 14. Ndf3
Nb6 15. Qc2 Qb4+ 16. Kf1 Qe7 17. a3 Bd7 18. Nxd7 Qxd7 19. Ne5 Qa4 20. Qxa4
Nxa4 21. Bb5 Nb6 22. Ke2 Rac8 23. Rhc1 a6 24. Nd7 Nxd7 25. Bxd7 Rc4 26. Rxc4
dxc4 27. Rc1 Nf6 28. Ba4 b5 29. Bc2 Rd8 30. Rd1 a5 31. f3 Nd5 32. Be4 Rc8 33.
Bxd5 exd5 34. Rc1 Kg7 35. Kd2 Kf6 36. Re1 h5 37. Re5 Rd8 38. Kc3 {#d} 1/2-1/2

[Event "Idaho Open (Open)"]
[Site "Pocatello, ID"]
[Date "2009.04.04"]
[Round "3.1"]
[White "Eacker, Barry D"]
[Black "Morrow, Hans M"]
[Result "0-1"]
[WhiteElo "1610"]
[BlackElo "1909"]

1. d4 Nf6 2. Bf4 e6 3. e3 b6 4. Bd3 Bb7 5. Nf3 h6 6. h3 Nc6 7. c3 d6 8. O-O
Qd7 9. Qc2 Be7 10. Nbd2 O-O-O 11. b4 Rdg8 12. Bh2 g5 13. Ne1 g4 14. h4 Nh5 15.
Bg3 Qd8 16. Kh2 Bxh4 17. Rh1 Nxg3 18. fxg3 Bg5 19. Nf1 h5 20. Kg1 h4 21. gxh4
Bxh4 22. g3 Bg5 23. Rxh8 Rxh8 24. Qe2 Nxd4 {#R} 0-1

[Event "Idaho Open (Open)"]
[Site "Pocatello, ID"]
[Date "2009.04.05"]
[Round "4.4"]
[White "Abderhalden, Richard Robert"]
[Black "Eacker, Barry D"]
[Result "0-1"]
[WhiteElo "1425"]
[BlackElo "1610"]

1. e4 e6 2. d4 d5 3. e5 c5 4. Nf3 Nc6 5. c3 Qb6 6. Be2 cxd4 7. cxd4 Nge7 8.
O-O Nf5 9. b3 Nfxd4 10. Bb2 Nxe2+ 11. Qxe2 Bd7 12. Nbd2 Be7 13. Rac1 O-O 14.
Rfe1 Nb4 15. a3 Bb5 16. Qe3 Qxe3 17. Rxe3 Nd3 18. Rb1 Rac8 19. a4 Ba6 20. Bd4
Bc5 21. Bxc5 Rxc5 22. b4 Nxb4 23. Rxb4 Rc1+ 24. Re1 Rfc8 25. h3 Rxe1+ 26. Nxe1
Rc1 27. Ndf3 Kf8 28. Kh2 Ke7 29. Rb2 Rc7 30. Nc2 Bc4 31. Ne3 Bd3 32. Nd1 Bc2
33. Ne3 Bxa4 34. Ra2 b5 35. Nd4 Kd7 36. f4 Rc3 37. Nec2 Rc4 38. Rb2 a6 39. Kg3
Kc7 40. Rb4 Bxc2 41. Rxc4+ dxc4 42. Nxc2 Kb6 43. Kf3 Kc5 44. Ke2 b4 45. Kd1 a5
46. Kc1 a4 47. Kb2 a3+ 48. Nxa3 bxa3+ 49. Kxa3 Kd4 50. Kb2 Kd3 51. Kc1 Ke4
{#R} 0-1

[Event "Idaho Open (Open)"]
[Site "Pocatello, ID"]
[Date "2009.04.05"]
[Round "5.4"]
[White "Eacker, Barry D"]
[Black "Patterson, Emily N"]
[Result "1/2-1/2"]
[WhiteElo "1610"]
[BlackElo "1445"]

1. d4 e6 2. Bf4 Nf6 3. e3 d5 4. Bd3 g6 5. Nf3 Bg7 6. Nbd2 O-O 7. c3 Nc6 8. Qc2
b6 9. O-O-O Bb7 10. Rdg1 a5 11. g4 Ba6 12. h4 Re8 13. h5 b5 14. hxg6 fxg6 15.
Ne5 Nxe5 16. Bxe5 b4 17. g5 Bxd3 18. Qxd3 bxc3 19. bxc3 Nd7 20. Bxg7 Kxg7 21.
e4 Qe7 22. Qh3 Rh8 23. Kd1 c5 24. exd5 exd5 25. Re1 Qf7 26. Re6 cxd4 27. cxd4
Rae8 28. Rxe8 {#d} 1/2-1/2

[Event "WRW Swiss"]
[Site "Hailey, ID"]
[Date "2009.10.10"]
[Round "1.4"]
[White "Jaramillo, Tyler"]
[Black "Eacker, Barry D"]
[Result "0-1"]
[WhiteElo "952"]
[BlackElo "1619"]

1. d4 Nf6 2. c3 e6 3. Bg5 Be7 4. e3 d5 5. Nf3 O-O 6. Bd3 h6 7. Bxf6 Bxf6 8.
Bc2 Nd7 9. Qd3 g6 10. h4 c5 11. h5 c4 12. Qd2 g5 13. e4 Kg7 14. e5 Be7 15. b3
b5 16. a4 Qa5 17. b4 Qa6 18. Ng1 f5 19. f4 g4 20. Qf2 Nb6 21. a5 Bd7 22. Rh4
Bxh4 23. Qxh4 Rf7 24. Nd2 Na4 25. Ra3 Qc8 26. Ndf3 gxf3 27. Nxf3 Kh7 28. Qg3
Qg8 29. Qxg8+ Rxg8 30. Kf2 Rfg7 31. Ne1 Rg3 32. Bd1 Rxc3 33. Rxc3 Nxc3 34. Bf3
Na2 35. Nc2 Nc1 36. Ne1 Rc8 37. g4 fxg4 38. Bxg4 Nd3+ 39. Nxd3 cxd3 40. Ke1
Rc4 41. Kd2 Rxd4 42. Ke3 Rxb4 43. Kxd3 Rxf4 44. Be2 a6 45. Ke3 Ra4 46. Kf3
Rxa5 47. Ke3 Ra4 48. Kd2 Rc4 49. Bxc4 dxc4 50. Kc3 a5 51. Kb2 b4 52. Ka2 a4
53. Kb2 a3+ 54. Ka2 c3 55. Kb1 b3 56. Ka1 Bb5 57. Kb1 Bd3+ 58. Ka1 b2+ 59. Ka2
{#R} 0-1

[Event "WRW Swiss"]
[Site "Hailey, ID"]
[Date "2009.10.11"]
[Round "3.3"]
[White "Eacker, Barry D"]
[Black "Finch, Douglas W"]
[Result "1/2-1/2"]
[WhiteElo "1619"]
[BlackElo "1223"]

1. d4 d5 2. Bf4 Nf6 3. e3 e6 4. Bd3 c5 5. c3 c4 6. Bc2 Nc6 7. Nf3 Bd6 8. Ne5
Qc7 9. Ba4 O-O 10. Nxc6 bxc6 11. Bxd6 Qxd6 12. Nd2 Ba6 13. Nf3 Rab8 14. Rb1
Rb6 15. O-O Rfb8 16. Qc2 Bb5 17. Bxb5 cxb5 18. b4 cxb3 19. Rxb3 a5 20. a4 b4
21. cxb4 Rc6 22. Qb2 Rxb4 23. Rxb4 Qxb4 24. Qxb4 {#d} 1/2-1/2

[Event "SIO"]
[Site "Twin Falls, ID"]
[Date "2009.11.14"]
[Round "1.6"]
[White "Eacker, Barry D"]
[Black "Ye, Michael"]
[Result "1-0"]
[WhiteElo "1611"]
[BlackElo "1159"]

1. d4 d5 2. Bf4 Nf6 3. e3 Bf5 4. Bd3 Bxd3 5. cxd3 e6 6. Nf3 Nbd7 7. Nc3 Nh5 8.
Bg5 f6 9. Bh4 g6 10. g4 Ng7 11. Rg1 Bd6 12. Rc1 c6 13. e4 Qb6 14. exd5 cxd5
15. Qe2 Rc8 16. Kf1 Kf7 17. Bg3 Bb4 18. Kg2 h5 19. g5 Nf5 20. gxf6 Nxd4 21.
Nxd4 Qxd4 22. Nb5 Qb6 23. Nc7 Nxf6 24. a3 Ne8 25. Qf3+ Kg8 26. Nxe8 Rxe8 27.
axb4 Qxb4 28. Rc7 Rf8 29. Qe3 h4 30. Qxe6+ {#r} 1-0

[Event "SIO"]
[Site "Twin Falls, ID"]
[Date "2009.11.14"]
[Round "2.5"]
[White "Patterson, Emily N"]
[Black "Eacker, Barry D"]
[Result "0-1"]
[WhiteElo "1483"]
[BlackElo "1611"]

1. f4 d5 2. Nf3 Nf6 3. b3 e6 4. Bb2 Be7 5. e3 Nbd7 6. Be2 c5 7. O-O Qb6 8. c4
O-O 9. Qe1 Ne4 10. Bxg7 Kxg7 11. d3 Bf6 12. dxe4 dxe4 13. Qg3+ Kh8 14. Ne5
Nxe5 15. fxe5 Bg7 16. Nc3 Qc7 17. Qh4 Qxe5 18. Nxe4 f5 19. Ng5 Qxe3+ 20. Rf2
h6 21. Rd1 Qxg5 22. Qxg5 hxg5 23. Bh5 Bd4 24. Rxd4 cxd4 25. Rd2 e5 {#R} 0-1

[Event "SIO"]
[Site "Twin Falls, ID"]
[Date "2009.11.15"]
[Round "3.1"]
[White "Eacker, Barry D"]
[Black "Reynolds, Garrett"]
[Result "0-1"]
[WhiteElo "1611"]
[BlackElo "1925"]

1. d4 c5 2. c3 cxd4 3. cxd4 Qb6 4. Nf3 d5 5. Nc3 Nf6 6. g3 Bf5 7. Bg2 e6 8.
O-O Nc6 9. Na4 Qa6 10. Nh4 Bg4 11. Re1 Bb4 12. Nc5 Qb6 13. Bd2 Nxd4 14. Qa4+
Nc6 15. Bxb4 Qxb4 16. Rac1 Qxa4 17. Nxa4 O-O 18. e4 g5 19. e5 Nd7 20. Nf3 Bxf3
21. Bxf3 Ndxe5 22. Be2 Nd4 23. Rc3 Rac8 24. Bd1 Rxc3 25. Rxe5 Rc1 {#R} 0-1

[Event "Idaho Closed"]
[Site "Boise, ID"]
[Date "2010.02.14"]
[Round "3.16"]
[White "Myers, Hugh S"]
[Black "Eacker, Barry D"]
[Result "0-1"]
[WhiteElo "1563"]
[BlackElo "1633"]

1. e4 e6 2. f4 d5 3. e5 c5 4. Nf3 Nc6 5. Be2 Be7 6. O-O Qb6 7. d3 Nd4 8. Nxd4
cxd4 9. Nd2 Bd7 10. Nf3 Nh6 11. Kh1 Rc8 12. h3 Nf5 13. Kh2 h5 14. Ne1 Bh4 15.
Bxh5 Ng3 16. Rg1 Nxh5 {#R} 0-1

[Event "Idaho Closed"]
[Site "Boise, ID"]
[Date "2010.02.14"]
[Round "4.11"]
[White "Eacker, Barry D"]
[Black "Lang, Jamie"]
[Result "1-0"]
[WhiteElo "1633"]
[BlackElo "1219"]

1. d4 d5 2. Bf4 e6 3. e3 Bd6 4. Bg3 Bxg3 5. hxg3 Nf6 6. Nd2 Nc6 7. Ngf3 Bd7 8.
c3 Qe7 9. Ne5 O-O-O 10. Bd3 g6 11. Qe2 Nxe5 12. dxe5 Nh5 13. g4 Ng7 14. Nf3 f5
15. exf6 Qxf6 16. g5 Qe7 17. Ne5 Rdf8 18. f4 Nf5 19. Rh3 Nd6 20. O-O-O Nf7 21.
Nxd7 Qxd7 22. Rdh1 Qe8 23. Qg4 Kb8 24. Rxh7 Rxh7 25. Rxh7 Nd6 26. Qh3 Ne4 27.
Qh6 Rg8 28. Bxe4 dxe4 29. Qh1 a6 30. Qd1 Qb5 31. Qd7 Qb6 32. Qd4 Qc6 33. Kd2
Qd5 34. c4 Qa5+ 35. Kc2 Qxa2 36. Qc5 Qa4+ 37. Kc3 Qc6 38. Qxc6 bxc6 39. Kd4
Rd8+ 40. Kxe4 Rd2 41. Re7 Rxb2 42. Rxe6 a5 43. Rxc6 Kb7 44. Rc5 a4 45. Kd4 Kb6
46. Rb5+ Rxb5 47. cxb5 Kxb5 48. Kc3 Kc5 49. f5 Kd6 50. f6 c5 51. e4 a3 52. Kb3
{#r} 1-0

[Event "Idaho Closed"]
[Site "Boise, ID"]
[Date "2010.02.15"]
[Round "5.7"]
[White "Eacker, Barry D"]
[Black "McGarvey, James H"]
[Result "1/2-1/2"]
[WhiteElo "1633"]
[BlackElo "1681"]

1. d4 Nf6 2. Bf4 d5 3. e3 Bf5 4. Bd3 Bxd3 5. cxd3 e6 6. Nf3 Be7 7. Ne5 Nbd7 8.
Nc3 c6 9. Rc1 Rc8 10. O-O O-O 11. Bg3 Nxe5 12. dxe5 {#d} 1/2-1/2

[Event "Idaho Closed"]
[Site "Boise, ID"]
[Date "2010.02.15"]
[Round "6.6"]
[White "Weyland, Ronald M"]
[Black "Eacker, Barry D"]
[Result "0-1"]
[WhiteElo "1487"]
[BlackElo "1633"]

1. d4 Nf6 2. e3 e6 3. Nf3 d5 4. Bd3 Be7 5. Nbd2 c5 6. c3 Bd7 7. Ne5 Qc7 8. f4
a6 9. Nxd7 Nbxd7 10. O-O c4 11. Bc2 b5 12. e4 dxe4 13. Nxe4 Rd8 14. Qe2 Nxe4
15. Qxe4 Nf6 16. Qe2 Bd6 17. g3 h5 18. f5 e5 19. Bf4 Nd7 20. dxe5 Nxe5 21.
Rad1 f6 22. Rd5 Bc5+ 23. Rd4 Bxd4+ 24. cxd4 Rxd4 25. Re1 Kf7 26. Bxe5 fxe5 27.
Be4 Qd6 28. Qe3 Rd1 29. Kf1 Rxe1+ 30. Kxe1 Qd4 31. Qe2 Kf6 32. Qf3 Rd8 33. Qe2
{#R} 0-1

[Event "Idaho Open"]
[Site "Pocatello, ID"]
[Date "2010.05.01"]
[Round "1.5"]
[White "Lang, Jamie"]
[Black "Eacker, Barry D"]
[Result "1/2-1/2"]
[WhiteElo "1359"]
[BlackElo "1669"]

1. e4 e6 2. d4 d5 3. exd5 exd5 4. Nf3 Nf6 5. Be2 Bf5 6. O-O Bd6 7. Bg5 Nbd7 8.
Nc3 c6 9. Re1 O-O 10. Nh4 Bg6 11. Nxg6 hxg6 12. h4 Qc7 13. g3 Nh7 14. Be3 Bxg3
15. fxg3 Qxg3+ 16. Kf1 Qxe3 17. Bg4 Qf4+ 18. Qf3 Qxf3+ 19. Bxf3 Rfe8 20. Re2
Rxe2 21. Nxe2 Re8 22. Re1 f5 23. Kf2 Ndf6 24. Rg1 Kf7 25. Nf4 Nf8 26. h5 Ne4+
27. Bxe4 Rxe4 28. hxg6+ Kg8 29. Ne2 Ne6 30. c3 Kf8 31. Ng3 Rf4+ {#d} 1/2-1/2

[Event "Idaho Open"]
[Site "Pocatello, ID"]
[Date "2010.05.01"]
[Round "2.5"]
[White "Eacker, Barry D"]
[Black "Abderhalden, Richard Robert"]
[Result "1-0"]
[WhiteElo "1669"]
[BlackElo "1487"]

1. d4 c6 2. Bf4 d5 3. e3 Nf6 4. Bd3 g6 5. Nd2 Bg7 6. Ngf3 b6 7. c3 Ba6 8. Bxa6
Nxa6 9. Qa4 Qc8 10. Ne5 b5 11. Qb3 Nh5 12. Ndf3 Nxf4 13. exf4 f6 14. Nd3 O-O
15. O-O Re8 16. Rfe1 Qf5 17. Re3 e6 18. Rae1 Bf8 19. h3 g5 20. fxg5 fxg5 21.
Nxg5 Rac8 22. Rf3 Qg6 23. Ne5 Qh5 24. Ngf7 h6 25. Rg3+ Kh7 26. Ree3 Bg7 27.
Ref3 Rc7 28. Qc2+ Kg8 29. Rf6 Kf8 30. Ng6+ Kg8 31. Nf4 {#r} 1-0

[Event "Idaho Open"]
[Site "Pocatello, ID"]
[Date "2010.05.01"]
[Round "3.3"]
[White "Morrow, Hans M"]
[Black "Eacker, Barry D"]
[Result "1-0"]
[WhiteElo "1942"]
[BlackElo "1669"]

1. e4 e6 2. d4 d5 3. Nc3 dxe4 4. Nxe4 Bd7 5. Ne2 Bc6 6. N2c3 Bxe4 7. Nxe4 Nd7
8. c3 Ngf6 9. Bd3 c6 10. O-O Nxe4 11. Bxe4 Nf6 12. Bf3 Bd6 13. g3 Qc7 14. Bg5
O-O-O 15. a4 Be7 16. Bf4 Bd6 17. Bxd6 Qxd6 18. Qb3 h5 19. Rae1 h4 20. a5 hxg3
21. fxg3 Rh6 22. a6 b6 23. Qc4 Kc7 24. b4 Rdh8 25. Re2 g5 26. b5 c5 27. dxc5
Qxc5+ 28. Qxc5+ bxc5 29. Rb2 Nd7 30. Bc6 Rf6 31. Bxd7 Rxf1+ 32. Kxf1 Kxd7 33.
Kg2 f5 34. c4 Kc7 35. Rd2 g4 36. Kg1 Rh7 37. Rb2 Rh8 38. Re2 Kd6 39. Kf1 Ke7
40. Ke1 Rd8 41. Rd2 Rh8 42. Kd1 Rc8 43. Kc2 Rh8 44. Kd3 Rd8+ 45. Ke3 Rxd2 46.
Kxd2 Kd6 47. Ke3 e5 48. b6 {#r} 1-0

[Event "Idaho Open"]
[Site "Pocatello, ID"]
[Date "2010.05.02"]
[Round "4.4"]
[White "Eacker, Barry D"]
[Black "Owen, Gary"]
[Result "0-1"]
[WhiteElo "1669"]
[BlackElo "1599"]

1. d4 d5 2. Bf4 Nf6 3. e3 e6 4. Bd3 Bd6 5. Bg3 O-O 6. Nf3 Nc6 7. c3 Qe7 8. Ne5
Bd7 9. Nd2 Bxe5 10. dxe5 Ne8 11. Nf3 f6 12. Bh4 Qf7 13. exf6 Nxf6 14. Ng5 Qe8
15. Qc2 Qh5 16. Nf3 e5 17. Be2 e4 18. Bxf6 Rxf6 19. Nd2 Qg6 20. Rg1 Ne5 21.
Qb3 Bc6 22. O-O-O Rxf2 23. Rde1 Rxg2 24. Rgf1 b6 25. c4 Rd8 26. cxd5 Bxd5 27.
Bc4 Rxd2 28. Bxd5+ R2xd5 29. Rd1 Nd3+ 30. Kb1 h6 31. Rg1 Qd6 {#R} 0-1

[Event "Idaho Open"]
[Site "Pocatello, ID"]
[Date "2010.05.02"]
[Round "5.6"]
[White "Eacker, Barry D"]
[Black "Kepple, Alan C"]
[Result "1-0"]
[WhiteElo "1669"]
[BlackElo "1201"]

1. d4 d5 2. Bf4 Nf6 3. e3 e6 4. Bd3 c5 5. c3 Nc6 6. Nd2 Be7 7. Ngf3 O-O 8. Ne5
cxd4 9. exd4 a6 10. O-O Bd6 11. Re1 Qc7 12. Ndf3 Nh5 13. Bxh7+ Kh8 14. Bg3 Nf6
15. Bc2 Ne7 16. Ng5 Neg8 17. Ngxf7+ Rxf7 18. Nxf7+ Qxf7 19. Bxd6 b5 20. Qf3
Bd7 21. Be5 Rf8 22. Bd6 Ne7 23. Qh3+ Kg8 24. Be5 Ng6 25. f3 Rd8 26. Qg3 Nxe5
27. Rxe5 Kf8 28. Bg6 Qg8 29. Rae1 Ke7 30. Bf5 {#r} 1-0

[Event "Pres. Cup-1 (Qualifier)"]
[Site "Twin Falls, ID"]
[Date "2010.07.31"]
[Round "1.2"]
[White "Eacker, Barry D"]
[Black "Edvalson, Paul F"]
[Result "1-0"]
[WhiteElo "1732"]
[BlackElo "1306"]

1. d4 d5 2. Bf4 f5 3. e3 Nf6 4. Bd3 e6 5. Nd2 Be7 6. Ngf3 Nbd7 7. Ne5 Nxe5 8.
dxe5 Ne4 9. c3 O-O 10. Qh5 Bd7 11. Rg1 Be8 12. Qh3 c5 13. Nf3 Qa5 14. Bxe4
dxe4 15. Nd2 Qb6 16. O-O-O Qa6 17. Kb1 b5 18. g4 Bg6 19. gxf5 exf5 20. Qg3 Kh8
21. h4 Rg8 22. Nb3 b4 23. cxb4 cxb4 24. Rd7 Bd8 25. h5 Bxh5 26. Rxg7 Qd3+ 27.
Ka1 Bg6 28. Rxg8+ Kxg8 29. Rc1 Qd7 30. Nc5 Qd2 31. Qg1 a5 32. Qf1 Kh8 33. Qc4
Bh4 34. e6 a4 35. Be5+ Kg8 36. e7+ Bf7 37. Rg1+ Bg5 38. Rxg5# 1-0

[Event "Pres. Cup-1 (Qualifier)"]
[Site "Twin Falls, ID"]
[Date "2010.07.31"]
[Round "2.1"]
[White "McGarvey, James H"]
[Black "Eacker, Barry D"]
[Result "0-1"]
[WhiteElo "1689"]
[BlackElo "1732"]

1. d4 g6 2. c4 Bg7 3. Nc3 d6 4. e4 Nc6 5. Nf3 e5 6. Be3 f5 7. dxe5 Nxe5 8.
Nxe5 Bxe5 9. Bd4 Bxd4 10. Qxd4 Qf6 11. Rd1 Qxd4 12. Rxd4 Bd7 13. Nb5 O-O-O 14.
Nxa7+ Kb8 15. Nb5 fxe4 16. Rxe4 Nf6 17. Re7 Rhe8 18. Rxe8 Rxe8+ 19. Be2 Ne4
20. O-O Nd2 21. Re1 Nxc4 22. a4 Nxb2 23. Kf1 Nxa4 24. Rc1 Bxb5 25. Bxb5 Re4
26. Bxa4 Rxa4 27. Re1 b5 28. Re8+ Kb7 29. Re7 Rh4 30. h3 Kb6 31. Re3 c5 32. g4
b4 33. Ke1 c4 34. Kd2 Kc5 35. Kc2 h5 36. g5 d5 37. Re6 Rxh3 38. Rxg6 Rf3 39.
Rf6 Rxf6 40. gxf6 {#R} 0-1

[Event "Pres. Cup-1 (Qualifier)"]
[Site "Twin Falls, ID"]
[Date "2010.07.31"]
[Round "3.1"]
[White "Eacker, Barry D"]
[Black "Buckendorf Jr., Glen"]
[Result "1-0"]
[WhiteElo "1732"]
[BlackElo "1818"]

1. d4 d5 2. Bf4 Nf6 3. e3 g6 4. Nd2 Bg7 5. Be2 O-O 6. Ngf3 Nbd7 7. Ne5 Nxe5 8.
Bxe5 b6 9. h4 c5 10. c3 c4 11. h5 Bf5 12. g4 Be6 13. hxg6 fxg6 14. g5 Nd7 15.
Bxg7 Kxg7 16. f4 Rh8 17. Rh6 Qf8 18. Bg4 Qf7 19. Qf3 Raf8 20. O-O-O Qe8 21.
Bxe6 Nb8 22. Rdh1 Nc6 23. Qh3 Nd8 24. Rxh7+ Rxh7 25. Qxh7# 1-0

[Event "Pres. Cup-1 (Qualifier)"]
[Site "Twin Falls, ID"]
[Date "2010.07.31"]
[Round "4.1"]
[White "Brown, Nicholas Ross"]
[Black "Eacker, Barry D"]
[Result "1/2-1/2"]
[WhiteElo "838"]
[BlackElo "1732"]

1. Nf3 Nf6 2. d3 d5 3. g3 e6 4. Bg2 c5 5. O-O Be7 6. Nbd2 Qc7 7. e4 O-O 8. Re1
Nc6 9. Qe2 dxe4 10. dxe4 e5 11. Nc4 Bd7 12. Bg5 Bg4 13. c3 Rad8 14. Rad1 h6
15. Bxf6 Bxf6 16. Rxd8 Rxd8 17. Rd1 Be6 18. Rxd8+ Qxd8 19. Nfd2 b5 20. Ne3 c4
21. Nd5 Bg5 22. b3 Bxd2 23. Qxd2 cxb3 24. axb3 Na5 25. Qc2 Qd6 {#d} 1/2-1/2

[Event "Pres. Cup-1 (Qualifier)"]
[Site "Twin Falls, ID"]
[Date "2010.07.31"]
[Round "5.1"]
[White "Eacker, Barry D"]
[Black "Booth, Tom R"]
[Result "1-0"]
[WhiteElo "1732"]
[BlackElo "1584"]

1. d4 e6 2. Bf4 d5 3. e3 Nf6 4. Bd3 b6 5. Nd2 Ba6 6. c4 Bxc4 7. Nxc4 dxc4 8.
Qa4+ Nbd7 9. Qxc4 Bd6 10. Bxd6 cxd6 11. Nf3 O-O 12. O-O e5 13. dxe5 dxe5 14.
Rfd1 Rc8 15. Qa4 Qc7 16. Rac1 Qxc1 17. Rxc1 Rxc1+ 18. Bf1 h6 19. g3 Rd8 20.
Kg2 Nc5 21. Qc6 Ng4 22. Qc7 Nxf2 23. Qxd8+ Kh7 24. Kxf2 Rc2+ 25. Nd2 {#r} 1-0

[Event "Pres. Cup-3 (Final 4)"]
[Site "Twin Falls, ID"]
[Date "2010.08.01"]
[Round "2.2"]
[White "Brown, Nicholas Ross"]
[Black "Eacker, Barry D"]
[Result "1/2-1/2"]
[WhiteElo "1261"]
[BlackElo "1608"]

1. e4 e6 2. d4 d5 3. e5 c5 4. c3 Nc6 5. Nf3 Qb6 6. Bd3 Bd7 7. Bc2 cxd4 8. cxd4
Bb4+ 9. Nc3 Nge7 10. O-O Nf5 11. Bxf5 exf5 12. Nxd5 Qa5 13. Nxb4 Nxb4 14. Bd2
Qb5 15. Bxb4 Qxb4 16. Qd2 Qxd2 {#d} 1/2-1/2

[Event "Pres. Cup-3 (Final 4)"]
[Site "Twin Falls, ID"]
[Date "2010.08.01"]
[Round "3.1"]
[White "Eacker, Barry D"]
[Black "Booth, Tom R"]
[Result "1/2-1/2"]
[WhiteElo "1608"]
[BlackElo "1584"]

1. d4 e6 2. Bf4 d5 3. e3 Nf6 4. Nd2 Nbd7 5. Ngf3 c6 6. Bd3 c5 7. c3 cxd4 8.
exd4 Be7 9. O-O Nh5 10. Bg3 Nxg3 11. hxg3 Nf6 12. Ne5 O-O 13. Qe2 a6 14. Rae1
Bd7 15. a3 Qb6 16. Nxd7 Nxd7 17. Nf3 Nf6 18. Ne5 Rad8 19. f4 Ne4 20. Kh2 {#d}
1/2-1/2

[Event "WRW Progressive"]
[Site "Hailey, ID"]
[Date "2010.10.09"]
[Round "2.1"]
[White "Manross, Sean"]
[Black "Eacker, Barry D"]
[Result "1-0"]
[WhiteElo "1809"]
[BlackElo "1600"]

1. d4 g6 2. c4 Bg7 3. Nc3 d6 4. g3 Nc6 5. d5 Ne5 6. Bg2 Bd7 7. Qb3 Qc8 8. h3
f5 9. f4 Nf7 10. Nf3 Nf6 11. O-O Ne4 12. Kh2 Nxc3 13. bxc3 c5 14. Rd1 O-O 15.
Be3 Qc7 16. a4 Rfb8 17. Rd3 Qa5 18. Ra2 Bf6 19. Qb2 Qa6 20. Qb3 Qb6 21. Qa3
Qa6 22. Nd2 Kg7 23. Qb3 Qb6 24. Qc2 Qa6 25. Qb1 b6 26. Qb3 Qa5 27. Nb1 Nd8 28.
Qb2 Qa6 29. Na3 Qxa4 30. Nb5 Qxc4 31. Nc7 b5 32. Qa1 a5 33. Nxa8 Rxa8 34. Bd2
a4 35. Rc2 Nb7 36. Qa2 Na5 37. Be1 Nb3 38. Rd1 Rb8 39. Bf2 b4 {#r} 1-0